000 00308 a2200109 4500
001 ART_6844
005 20260410161621.0
008 260409a
245 1 0 _aAcción revocatoria concursal concursal
100 1 _aTruffat, Edgardo Daniel
773 0 _tEnfoques
_g- Nº 7 (jul. 2010)
_wREV416
999 _c11567
_d11567